| 000 | 01480nam a2200337 i 4500 | ||
|---|---|---|---|
| 003 | DO-SdBNP | ||
| 005 | 20250129073606.0 | ||
| 006 | a||||gr|||| 00| 0 | ||
| 007 | ta | ||
| 008 | 230511t2022 dr |||g |||| 001 edspa d | ||
| 020 | _a9789945457698 | ||
| 040 |
_aDO-SdBNP _bspa _cBNPHU _erda |
||
| 082 | 4 |
_222 _bD812P |
|
| 100 | 1 |
_aPatín Veloz, Enrique _93425 |
|
| 245 |
_aEl sentido masónico de la vida y la obra de Duarte. / _cEnrique Patín Veloz; arte y diseño de la edición, Yris M. Cuevas; prólogo, Juan Daniel Balcácer |
||
| 264 |
_aSanto Domingo : _bSociedad Dominicana de Bibliófilos, INC. _c2022 |
||
| 300 |
_a203 páginas ; _c21 cm. |
||
| 336 |
_2rdaconten _atexto _btxt |
||
| 337 |
_2rdamedia _asin medición _bn |
||
| 338 |
_2rdacarrier _avolumen _bnc |
||
| 490 |
_aBibliófilos 2000 ; _v40 |
||
| 500 | _aIncluye bibliografía y notas al pie de páginas | ||
| 504 | _aBibliografía: página 190 | ||
| 505 | _aPrólogo. | ||
| 505 |
_aIntroducción _tLos primeros años.-- _tPrimera Serie de Viajes (1830-1833).-- _tLa labor preparatoria de Duarte (1834-1838).-- _tSegunda Serie de Viajes (1841-1844).-- _tLuchas Políticas.-- _tTercera Serie de Viajes (1844-1864).-- _tApéndice.-- _tEl Diario de Duarte. |
||
| 590 | _aInventariado 2023 / MF | ||
| 700 | 1 |
_aCuevas, Yris M. _eedición _983362 |
|
| 700 | 1 |
_aBalcácer, Juan Daniel, _d1949- _eprólogo _96566 |
|
| 710 | 1 |
_980697 _aRepublica Dominicana _bComisión Permanente de Efemérides Patrias |
|
| 942 |
_2ddc _cLBS1 |
||
| 999 |
_c53485 _d53485 |
||